00674nam a2200241 a 4500001001300000003000900013005001700022008004100039020000800080082001600088100001600104245003000120260003200150300000900182500003500191505002200226650002600248700001600274902000800290942000700298952011200305999001500417nice12345678IN_TiNIC20260116011509.0050524s1967 laha grp 000 0 urd  ac400a922.97bASI aAsimi, Saib aIqbal Qalandeer Nahin Tha aLahorebTakhleeq Kaarc1967 a228p aincludes index and biblioraphy2 aill, bibliography aIqbal Muhammad-Poetry1 aAsimi, Saib bSRS cBK 001040708StackRoom-aHMIbHMId2007-06-05g4.00l0o922.97 ASIp03504r2007-06-05v4.00w2005-05-24yBK c2047d2047